Statistics for Oceania Islands on the Map

Click here to take the quiz!

General Stats

  • This quiz has been taken 401 times
    (375 since last reset)
  • The average score is 8 of 13

Answers on the Map

Answers color-coded by a green-red scale on the quiz's map according to % correct below.
 

Answer Stats

Islands% Correct
Tasmania
92%
New Guinea
89%
North Island
88%
South Island
88%
New Caledonia
68%
Nauru
64%
Hawai'i
62%
Oahu
59%
Guam
48%
New Britain
42%
Maui
38%
Bougainville
35%
Viti Levu
33%

Score Distribution

Percentile by Number Answered

Percent of People with Each Score

Your Score History

You have not taken this quiz since the last reset